| 000 | 00886cam a22001815a 4500 | ||
|---|---|---|---|
| 001 | L156354 | ||
| 008 | 120515s1815 xxk f 000 0 eng d | ||
| 035 | _a(Sirsi) u156354 | ||
| 041 | 0 | _aeng | |
| 100 | 1 | _aCapper, Benjamin Pitts | |
| 245 | 0 | 4 |
_aThe British imperial calendar for 1815, or, General register of the United Kingdom of Great Britain and Ireland and its colonies _bcontaining lists of both Houses of Parliament, all the official departments of the state, and branches of public service, the church, the law, national, scientific, or commercial companies and institutions, with many additional articles of public utility |
| 260 |
_aLondon _bPrinted for Winchester and Son [...] _c[1815] |
||
| 300 |
_axii, 360 p. _c19 cm. |
||
| 583 |
_aCondition reviewed _c20120620 _lcondition level 1 |
||
| 651 | 4 |
_aGreat Britain _y1707- |
|
| 690 | _aBusiness and management | ||
| 942 | _n0 | ||
| 999 |
_c114202 _d114202 |
||